| 000 | 00403nam a2200145Ia 4500 | ||
|---|---|---|---|
| 008 | 151213s9999 xx 000 0 und d | ||
| 100 | _aDanieks, A.K. | ||
| 245 |
_aA lifetime of labour: _bthe autobiography of Alice, H.Cook _cDanieks, A.K. |
||
| 260 |
_aNew York _bFeminist Press _c1990 |
||
| 300 | _a1766 p. | ||
| 650 | _aAutobiography | ||
| 650 | _aReference | ||
| 700 | _aDanieks, A.K. | ||
| 999 |
_c1298 _d1298 |
||